[Event "AUTO-ADV-1874"]
[Site "http://www.queenalice.com/game.php?id=865192"]
[Date "2010.11.29"]
[Round "2"]
[White "technicaldraw"]
[Black "karpano"]
[Result "1-0"]
[WhiteElo "1950"]
[BlackElo "1838"]

1. e4 c5 2. Nf3 a6 3. c3 Nc6 4. d4 cxd4 5. cxd4 d6 6. d5 Ne5 7. Nxe5 dxe5 8. Nc3
Nf6 9. Bd3 Qc7 10. Bg5 b5 11. Rc1 Qb6 12. O-O Bg4 13. Qd2 1-0

[Event "AUTO-ADV-1874"]
[Site "http://www.queenalice.com/game.php?id=865193"]
[Date "2010.11.29"]
[Round "2"]
[White "karpano"]
[Black "technicaldraw"]
[Result "0-1"]
[WhiteElo "1851"]
[BlackElo "1937"]

1. d4 d5 2. c4 c6 3. e3 Nf6 4. Nf3 Bf5 5. Nc3 e6 6. Bd3 Bxd3 7. Qxd3 Nbd7 8. O-O
Bb4 9. Bd2 a5 10. a3 Be7 11. Rfe1 O-O 12. e4 dxe4 0-1

[Event "AUTO-ADV-2081"]
[Site "http://www.queenalice.com/game.php?id=904697"]
[Date "2011.2.24"]
[Round "1"]
[White "karpano"]
[Black "afonso092"]
[Result "0-1"]
[WhiteElo "1837"]
[BlackElo "2100"]

1. d4 d5 2. c4 e6 3. Nc3 h6 4. e3 Nf6 5. Nf3 Nc6 6. Bd3 Be7 7. O-O O-O 8. a3 a6
9. Qc2 dxc4 10. Bxc4 Bd6 11. e4 Be7 12. Be3 Ne8 13. Bd3 f5 14. exf5 exf5 15.
Bc4+ Kh8 16. Rad1 Qd6 17. Ne2 Qg6 18. d5 Na7 19. Bf4 Nd6 20. Ne5 Qh5 21. Ng3 Qe8
22. b4 Bd8 23. Rfe1 Kh7 24. Ng4 Qf7 25. Bxd6 cxd6 26. Ne3 g6 27. Rd4 f4 28. Nh5
fxe3 29. Rxe3 Bb6 30. Rf4 Bf5 31. Bd3 Bxe3 32. fxe3 Qxd5 33. e4 Qd4+ 34. Kf1
gxh5 35. Rxf5 Rxf5+ 0-1

[Event "AUTO-ADV-2081"]
[Site "http://www.queenalice.com/game.php?id=904698"]
[Date "2011.2.24"]
[Round "1"]
[White "afonso092"]
[Black "karpano"]
[Result "1-0"]
[WhiteElo "2104"]
[BlackElo "1832"]

1. e4 c5 2. Nf3 d6 3. h3 Nc6 4. a3 Nf6 5. Nc3 a6 6. d4 cxd4 7. Nxd4 Qc7 8. Nf3
e5 9. Bd3 Be7 10. O-O O-O 11. Bg5 b5 12. Qd2 Bb7 13. Bxf6 Bxf6 14. Nd5 Qd8 15.
Nxf6+ Qxf6 16. c3 Na5 17. Qc2 Rac8 18. Rab1 d5 19. exd5 Bxd5 20. Bxh7+ Kh8 21.
Be4 Bxe4 22. Qxe4 Nc4 23. Rfe1 Rce8 24. Qg4 Qg6 25. Qxg6 fxg6 26. Re2 a5 27. Nd2
Rd8 28. Nxc4 bxc4 29. Rbe1 Rf5 30. Rxe5 Rxe5 31. Rxe5 Rd2 32. Rb5 a4 33. Rb4 g5
34. Rxc4 Rxb2 35. Rxa4 Rb3 36. Rg4 1-0

[Event "AUTO-ADV-2081"]
[Site "http://www.queenalice.com/game.php?id=904701"]
[Date "2011.2.24"]
[Round "1"]
[White "karpano"]
[Black "Clovisto"]
[Result "0-1"]
[WhiteElo "1827"]
[BlackElo "1841"]

1. d4 e6 2. c4 Bb4+ 3. Bd2 a5 4. Nf3 Nf6 5. Nc3 b6 6. e3 Bb7 7. Be2 Nc6 8. O-O
Bxc3 9. Bxc3 Ne4 10. Qd3 Nxc3 11. Qxc3 Qf6 12. a3 Ne7 13. Qd3 g5 14. e4 Qf4 15.
g3 Qxe4 16. Qxe4 Bxe4 17. Nxg5 Bf5 18. Bf3 Rb8 19. Rfe1 h6 20. Ne4 Bxe4 21. Bxe4
f5 22. Bf3 h5 23. Rab1 f4 24. Re4 fxg3 25. fxg3 h4 26. gxh4 Kf7 27. Rf1 Nf5 28.
Bg4 Rbg8 0-1

[Event "AUTO-ADV-2081"]
[Site "http://www.queenalice.com/game.php?id=904702"]
[Date "2011.2.24"]
[Round "1"]
[White "Clovisto"]
[Black "karpano"]
[Result "1-0"]
[WhiteElo "1856"]
[BlackElo "1812"]

1. e4 c5 2. c4 d6 3. d3 Nc6 4. Nc3 Nf6 5. Bg5 Nd4 6. Bxf6 exf6 7. h3 Be7 8. Nf3
Bd7 9. Nxd4 cxd4 10. Ne2 Qb6 11. Qb3 Qxb3 12. axb3 f5 13. exf5 Bxf5 14. Nxd4 Bg6
15. Nb5 O-O 16. Be2 Rfc8 17. Bf3 Rc5 18. Bxb7 Re5+ 19. Kd2 Bg5+ 20. Kc3 Rae8 21.
Rxa7 Re2 22. Nxd6 Bd2+ 23. Kd4 Rd8 24. c5 Rxf2 25. Kc4 Rf4+ 26. d4 Be3 27. Rd1
h5 28. Bd5 1-0

[Event "AUTO-OPEN-2982"]
[Site "http://www.queenalice.com/game.php?id=1178094"]
[Date "2013.5.3"]
[Round "1"]
[White "omentus64"]
[Black "karpano"]
[Result "1-0"]
[WhiteElo "1943"]
[BlackElo "1774"]

1. e4 c5 2. Bc4 e6 3. Nf3 d6 4. O-O a6 5. a4 Nc6 6. d4 cxd4 7. Nxd4 Nf6 8. Nxc6
bxc6 9. Bg5 Be7 10. Nc3 O-O 11. e5 dxe5 12. Qxd8 Rxd8 13. Rfd1 Rxd1+ 14. Rxd1 h6
15. Bxf6 Bxf6 16. Ne4 Be7 17. Nd6 1-0

[Event "AUTO-OPEN-2982"]
[Site "http://www.queenalice.com/game.php?id=1178095"]
[Date "2013.5.3"]
[Round "1"]
[White "karpano"]
[Black "omentus64"]
[Result "0-1"]
[WhiteElo "1784"]
[BlackElo "1933"]

1. d4 e6 2. c4 Bb4+ 3. Bd2 Bxd2+ 4. Qxd2 Nf6 5. Nc3 O-O 6. Nf3 b6 7. e3 Bb7 8.
Be2 Ne4 9. Nxe4 Bxe4 10. O-O Nc6 11. d5 exd5 12. cxd5 Ne7 13. d6 Ng6 14. dxc7
Qxc7 15. Rac1 Qb7 16. Rc4 d5 17. Rd4 Rac8 18. Ng5 Rc2 0-1

[Event "AUTO-OPEN-2982"]
[Site "http://www.queenalice.com/game.php?id=1178120"]
[Date "2013.5.3"]
[Round "1"]
[White "BrainCrash"]
[Black "karpano"]
[Result "1-0"]
[WhiteElo "2198"]
[BlackElo "1763"]

1. d4 Nf6 2. Nc3 e6 3. e4 d6 4. Nf3 Be7 5. Bd3 O-O 6. O-O Nbd7 7. Bf4 c5 8. e5
dxe5 9. dxe5 Ng4 10. h3 Nh6 11. Bxh6 gxh6 12. Qc1 Qc7 13. Qxh6 f5 14. Qxe6+ Rf7
15. Bc4 Nf8 16. Qxf7+ 1-0

[Event "AUTO-OPEN-2982"]
[Site "http://www.queenalice.com/game.php?id=1178121"]
[Date "2013.5.3"]
[Round "1"]
[White "karpano"]
[Black "BrainCrash"]
[Result "0-1"]
[WhiteElo "1765"]
[BlackElo "2197"]

1. d4 Nf6 2. c4 e6 3. Nc3 Bb4 4. Qc2 O-O 5. Bd2 b6 6. Nf3 Bb7 7. a3 Bxc3 8. Bxc3
d6 9. O-O-O Be4 10. Qd2 Bg6 11. Qe3 Ng4 12. Qg5 Nxf2 13. Qxd8 Rxd8 14. g3 Nxh1
15. Bg2 Nf2 16. Rf1 Ne4 17. Nh4 d5 0-1

[Event "AUTO-OPEN-2982"]
[Site "http://www.queenalice.com/game.php?id=1178136"]
[Date "2013.5.3"]
[Round "1"]
[White "Paked"]
[Black "karpano"]
[Result "1-0"]
[WhiteElo "1839"]
[BlackElo "1798"]

1. e4 c5 2. Nf3 d6 3. d4 cxd4 4. Nxd4 Nc6 5. Nxc6 bxc6 6. Bc4 Nf6 7. e5 Ne4 8.
Bxf7+ Kxf7 9. Qf3+ Nf6 10. exf6 Qa5+ 11. Nc3 Qe5+ 12. Be3 Qxf6 13. Qxc6 Rb8 14.
O-O g6 15. b3 Bb7 16. Qc4+ Ke8 17. Qa4+ Kd8 18. Qxa7 Kc7 19. Nd5+ 1-0

[Event "AUTO-OPEN-2982"]
[Site "http://www.queenalice.com/game.php?id=1178137"]
[Date "2013.5.3"]
[Round "1"]
[White "karpano"]
[Black "Paked"]
[Result "0-1"]
[WhiteElo "1761"]
[BlackElo "1853"]

1. Nf3 d5 2. e3 c5 3. c4 d4 4. d3 Bg4 5. Be2 Nf6 6. O-O e6 7. exd4 Nc6 8. Be3
cxd4 9. Nxd4 Bxe2 10. Qxe2 Nxd4 11. Bxd4 Qxd4 12. Nc3 Bb4 13. Nb5 Qb6 14. Qe5
O-O 15. a3 Be7 16. b4 a6 17. Nd4 Bd6 18. Qe3 Qc7 19. f3 Rad8 0-1

[Event "AUTO-ADV-3600"]
[Site "http://www.queenalice.com/game.php?id=1411922"]
[Date "2016.3.3"]
[Round "1"]
[White "Andrez"]
[Black "karpano"]
[Result "1-0"]
[WhiteElo "2085"]
[BlackElo "1720"]

1. g4 e6 2. d3 Nf6 3. g5 Ng4 4. f4 Bc5 5. d4 Bb6 6. e3 Ba5+ 7. c3 h5 8. h3 Nh6
9. gxh6 Qh4+ 10. Ke2 Rxh6 11. Nf3 Qe7 12. Nbd2 b6 13. Nc4 Ba6 14. Kf2 Nc6 15.
Nxa5 Bxf1 16. Nxc6 dxc6 17. Qxf1 Rg6 18. Bd2 h4 19. Ne5 Rg3 20. Nxc6 Qd6 21. Ne5
Qd5 22. Rg1 1-0

[Event "AUTO-ADV-3600"]
[Site "http://www.queenalice.com/game.php?id=1411923"]
[Date "2016.3.3"]
[Round "1"]
[White "karpano"]
[Black "Andrez"]
[Result "0-1"]
[WhiteElo "1740"]
[BlackElo "2086"]

1. d4 f5 2. c4 Nf6 3. Nc3 e6 4. Nf3 b6 5. e3 Bb7 6. Be2 a5 7. O-O Be7 8. Qc2 O-O
9. Bd2 Qe8 10. Ne5 d6 11. Nf3 Na6 12. a3 Qg6 13. Nh4 Qh6 14. g3 Ne4 15. Bf3 Bxh4
16. Nxe4 fxe4 17. Bxe4 Bxe4 18. Qxe4 Bf6 19. Qxe6+ Kh8 20. f4 Rae8 21. Qd5 Nb8
22. b4 axb4 23. axb4 Nd7 24. Ra7 Bd8 25. b5 Nf6 26. Qf3 Ne4 27. Bb4 Rf6 28. g4
Qh4 29. Be1 Qh6 30. g5 Qg6 31. Qg4 h6 32. f5 Qxg5 0-1

[Event "AUTO-ADV-3600"]
[Site "http://www.queenalice.com/game.php?id=1411938"]
[Date "2016.3.3"]
[Round "1"]
[White "TITAN10"]
[Black "karpano"]
[Result "0-1"]
[WhiteElo "1872"]
[BlackElo "1718"]

1. e4 c5 2. Nf3 d6 3. Bc4 e6 4. d3 a6 5. a3 Nf6 6. Bg5 Be7 7. O-O b5 8. Ba2 Bb7
9. Nbd2 Nbd7 10. Re1 Rc8 11. c4 h6 12. Bh4 Nb6 13. cxb5 axb5 14. Bg3 O-O 15. Rc1
Na4 16. b3 Nb6 17. h3 Nbd7 18. Qe2 e5 19. b4 cxb4 20. axb4 d5 21. Nb3 Bxb4 22.
Red1 d4 23. Rxc8 Bxc8 24. Nxe5 Nxe5 25. Bxe5 Nd7 26. Bh2 Nf6 27. f4 Re8 28. f5
Bxf5 29. Qf3 Bg6 30. Rc1 Qa8 31. Rc2 Bh5 32. g4 Bg6 33. Nxd4 Nxe4 34. dxe4 Rxe4
35. Re2 Bc5 36. Rxe4 Qxa2 37. Re2 Bxd4+ 38. Kg2 Qc4 39. Bf4 Bf6 40. Kh2 b4 41.
h4 b3 42. Re4 Bxe4 0-1

[Event "AUTO-ADV-3600"]
[Site "http://www.queenalice.com/game.php?id=1411939"]
[Date "2016.3.3"]
[Round "1"]
[White "karpano"]
[Black "TITAN10"]
[Result "0-1"]
[WhiteElo "1731"]
[BlackElo "1852"]

1. d4 Nf6 2. c4 e6 3. Nc3 c5 4. d5 d6 5. Bg5 Be7 6. Nf3 h6 7. Bh4 exd5 8. cxd5
O-O 9. e3 Bg4 10. Be2 Re8 11. O-O a6 12. h3 Bd7 13. Bd3 b5 14. Qc2 c4 15. Bxf6
Bxf6 16. Bh7+ Kh8 17. Rad1 Re7 18. Ne2 Be8 19. Ned4 g6 20. Bxg6 fxg6 21. Ne6 Qd7
22. Nfd4 Bf7 23. Nf8 Qe8 24. Nfe6 Bxe6 25. dxe6 Nc6 26. Nxc6 Qxc6 27. Qxg6 Bg7
28. Qg3 Rxe6 29. f4 Rae8 30. Rf3 Bxb2 31. f5 Be5 32. Qf2 Rf6 33. Kf1 c3 34. Rc1
b4 35. Rc2 Ref8 36. Kg1 Qd7 0-1

[Event "AUTO-ADV-3600"]
[Site "http://www.queenalice.com/game.php?id=1411950"]
[Date "2016.3.3"]
[Round "1"]
[White "karpano"]
[Black "mvson33"]
[Result "0-1"]
[WhiteElo "1738"]
[BlackElo "1967"]

1. d4 Nf6 2. c4 e6 3. Nc3 d5 4. e3 Be7 5. Bd3 O-O 6. Nf3 b6 7. Qc2 Bb7 8. cxd5
exd5 9. Ng5 Nbd7 10. Bxh7+ Kh8 11. Qf5 g6 12. Nxf7+ Rxf7 13. Bxg6 Rg7 14. Qh3+
Nh7 15. Qh5 Nf6 16. Qf5 Qd7 17. Qxd7 Nxd7 18. Bxh7 Rxh7 19. Bd2 Nf6 20. O-O-O
Rg8 21. g3 c5 22. dxc5 bxc5 23. f3 d4 24. Ne4 Nxe4 25. fxe4 Bxe4 26. exd4 cxd4
27. Bf4 Bb4 28. Be5+ Rhg7 29. Bxg7+ Rxg7 30. Rhf1 Rc7# 0-1

[Event "AUTO-ADV-3600"]
[Site "http://www.queenalice.com/game.php?id=1411951"]
[Date "2016.3.3"]
[Round "1"]
[White "mvson33"]
[Black "karpano"]
[Result "1-0"]
[WhiteElo "1873"]
[BlackElo "1749"]

1. e4 c5 2. Nf3 d6 3. d4 cxd4 4. Nxd4 e5 5. Nf3 f5 6. exf5 Bxf5 7. Be2 Be7 8.
O-O Nc6 9. Nc3 Nf6 10. Be3 Nb4 11. Rc1 Ne4 12. Nxe4 Bxe4 13. a3 Bxc2 14. Qd2 e4
15. Nd4 Rc8 16. Qxb4 d5 17. Qb5+ Kf7 18. Rxc2 Rxc2 19. Nxc2 b6 20. Nd4 Qd6 21.
Nf5 Qe5 22. Nxe7 Qxe7 23. Qxd5+ Qe6 24. Qxe6+ Kxe6 25. Rc1 Ke7 26. Rc7+ Kd6 27.
Bf4+ 1-0